Plane trigonometry
Αποθηκεύτηκε σε:
| Κύριος συγγραφέας: | |
|---|---|
| Μορφή: | Βιβλίο |
| Γλώσσα: | English |
| Δημοσίευση: |
Cambridge :
Cambridge University Press,
1951, c1893
|
| Θέματα: | |
| Ετικέτες: |
Προσθήκη ετικέτας
Δεν υπάρχουν, Καταχωρήστε ετικέτα πρώτοι!
|
MARC
| LEADER | 00000cam a2200000 i 4500 | ||
|---|---|---|---|
| 001 | 1/4370 | ||
| 008 | 100210r19511893 eng d | ||
| 035 | |l 10106741 | ||
| 040 | |a GR-MY-UA |b gre |e aacr | ||
| 041 | 0 | |a eng | |
| 082 | 0 | |a 516.242 |2 (22) | |
| 100 | 1 | |a Loney, S. L. |q (Sidney Luxton), |d 1860-1939. | |
| 245 | 1 | 0 | |a Plane trigonometry / |c by S. L. Loney |
| 260 | |a Cambridge : |b Cambridge University Press, |c 1951, c1893 | ||
| 300 | |a ποικίλη σελιδαρίθμηση; |b σχ.; |c 18 εκ. | ||
| 505 | 0 | |a Τ. 2. Analytical trigonometry | |
| 650 | 0 | 0 | |a Plane trigonometry. |
| 740 | 0 | 2 | |a Analytical trigonometry |
| 852 | |a INST |b SAMOS |c MAG |e 20100210 |h 516.242 LON |p 005300030650 |q 005300030650 |t BK |y 0 | ||
| 901 | |a BIBL3-2010-1 | ||
| 909 | |a Σ |b 161764 | ||
| 970 | |a ΣΙΤΖΙΜΗ |b ΓΙΑΣΕΜΗ |z 2010/02/10 | ||